000 00742 a2200289 4500
001 200130576
999 _c200130576
_d30516
003 TR-AnTOB
005 20191101154139.0
008 130913b tu 000 0
020 _a9756486538
040 _aTR-AnTOB
041 _atur
050 _aHB172
_b.U57 2007
090 _aHB172 .U57 2007
100 1 _aÜnsal, Erdal M.
_993296
245 1 0 _aMikro iktisada giriş /
_cErdal M.Ünsal.
250 _a2. baskı
264 1 _aAnkara :
_bTurhan Kitabevi,
_c2004.
300 _a408p;
_c13 cm
504 _akaynakça ve dizin içerir
650 _aMicroeconomics
_9548
650 0 _aMicroeconomics
_9548
650 0 _aMikroekonomi
_99596
700 _aÜnsal, Erdal M.
_993296
942 _cBK